Devine le drapeau niveau Facile - Statistiques

Statistiques générales
  • Ce quiz a été pris 360 fois
  • Le résultat moyen est 14 sur 16
Statistiques - réponses
Par images Réponse % Correct
Royaume-Uni
98%
Espagne
97%
Brésil
96%
Japon
96%
Chine
95%
Australie
94%
États-Unis
92%
Suède
90%
Afrique du Sud
89%
Irlande
89%
Pologne
89%
Russie
89%
Égypte
84%
Liban
76%
Corée du Nord
68%
Mongolie
46%
Aucun quiz correspondant
Distribution des résultats
% des personnes avec chaque résultat
Percentile par nombre de réponses
Votre historique - résultats
Vous n’avez pas pris ce quiz